แสดงรายละเอียดบรรณานุกรม
  กลับหน้าหลัก

Brief Record : Get Marc (ISO 2709) : E-mail record : QR code ปิดหน้าต่าง
E-books : เกี่ยวกับ Collections
LEADER 00000nam 2200000uu 4500
008    150421s2558||||th 000 0 tha d
020     ^a9786162796241
041 0   ^atha^beng
050  4  ^aBQ5631 ภ426ป 2558
100 0   ^aภาณี วงษ์เอก...[และคนอื่นๆ]
245 00  ^aประชากรสามกลุ่มวัยได้อะไรจาการสวดมนต์ =^bBuddhist prayer benefits among three - generation population/^cภาณี วงษ์เอก...[และคนอื่นๆ].
246 0   ^aBuddhist prayer benefits among three - generation population
260     ^aนครปฐม : ^bสถาบันวิจัยประชากรและสังคม มหาวิทยาลัยมหิดล,^c2558.
300     ^a175 หน้า
440  0  ^aเอกสารทางวิชาการ/สถาบันวิจัยประชากรและสังคม มหาวิทยาลัยมหิดล;^vหมายเลข 441
650  4  ^aการสวดมนต์
650  4  ^aการสวดมนต์ ^xการใช้รักษา
650  4  ^aการสวดมนต์ ^xพุทธศาสนา
650  4  ^aธรรมะกับชีวิตประจำวัน
650  4  ^aบทสวดมนต์
700 0   ^aรศรินทร์ เกรย์
700 0   ^aณัฐจีรา ทองเจริญชูพงศ์
700 0   ^aเจตพล แสงกล้า
710 2   ^aมหาวิทยาลัยมหิดล. สถาบันวิจัยประชากรและสังคม.
999    ^aใช้งานได้ทุกระบบ
รายการนี้ยังไม่มีแท็ก
คุณยังไม่ได้ล็อกอิน คุณสามารถมีกิจกรรมร่วมกับเว็บไซต์ได้ แต่ต้องล็อกอินก่อน ::
  ล็อกอิน
ลำดับที่ ประเภท เลขเรียก สถานที่ สถานะ
1. หนังสือทั่วไป
หนังสือทั่วไป
BQ5631 ภ426ป 2558  
  
หนังสือทั่วไป On Shelf
  ขอยืม
   [แสดง 1/1 รายการ]

รายการใกล้เคียง
    หัวเรื่อง [การสวดมนต์]
    หัวเรื่อง [ธรรมะกับชีวิตประจำวัน]
    หัวเรื่อง [บทสวดมนต์]

BibComment


ยังไม่เคยถูกคอมเมนท์

คอมเมนท์ทรัพยากรรายการนี้
  คอมเมนท์: ประชากรสามกลุ่ม..
Bib 210434

 
 
 

 Union Library Management : ULibM
Copyright 2026. All Rights Reserved.
скачать бесплатно без регистрации порно красивый секс HD Sex Hindi sex

xxx gou

xxxx

bfxxx

xxxwww

Секса Видео

xxxx

Секса Видео

detube

geilexxx

C99 Shell

worms shell

blod xxx video
Ebony Coed Rihanna Rimes Takes A Dick In Her Young Twat priyaa indian fuck anal and pusssy hardcore indian women xxx desi hardcore fucking part 1 bengalixxxcouple